000 00405nam a2200145Ia 4500
008 231129s2004||||xx |||||||||||||| ||spa||
020 _a958-33-6580-7
040 _bspa
082 _a741.5986132 G643h
100 _aGonzález Quiceno Julio César
245 0 _aHumor matador
260 _c2004
264 _aPereira Colombia : El Arca Perdida
942 _2ddc
_cBKS
999 _c15514
_d15514